Random three truths and a lie - Geography - Statistics

General Stats
  • This quiz has been taken 37 times
  • The average score is 6 of 10
Answer Stats
Question Answer % Correct
Landlocked countries Belgium
100%
Rivers in Germany Ebro
100%
Croatia Islands Gökçeada
100%
Countries that were on the Eastern Bloc Greece
100%
Islands Haiti
100%
Coastal Cities Hamburg
100%
Mountains in the Andes Hoverla
100%
Fashion Capitals Rome
100%
Countries in Russia's "Unfriendly List" Serbia
100%
Cities in France Seville
100%
Countries once part of the French Empire Togo
100%
Native animals in Australia Tuatara
100%
Countries in between the tropics Turkey
100%
Countries on the US's Do Not Travel list Vietnam
100%
Great Lakes Great Bear
67%
Countries with a higher population density than the United States Kyrgyzstan
67%
US capitals Las Vegas
67%
Countries where their capital is their largest city Tanzania
67%
Countries with 40+ UNESCO World Heritage Sites United States
67%
Capitals that start with D Brazil
50%
Coastal Capitals Brussles
50%
Countries that start with R Dili
50%
Modern day countries which the Ottoman Empire had land in at its height. Malta
50%
Volcanoes Matterhorn
50%
Largest Mountains in their respective continent Mt. Fuji
50%
Italy landmarks Parthenon
50%
Members of the European Union Switzerland
50%
Countries where their capital isn't their largest city United Kingdom
50%
Countries with a population density lower than the world average Guinea Bissau
33%
Peninsulas Newfoundland
33%
Countries where French is an official language Algeria
0%
French overseas territories Bermuda
0%
Countries with land claim on Antarctica Canada
0%
Countries with a population density higher than the world average Colombia
0%
Island country capitals Copenhagen
0%
Longest rivers in their respective continent Danube
0%
Sweden Islands Fasta Åland
0%
Brittish overseas territories Guam
0%
Largest cities Jerusalem, Israel
0%
Mountains in the Himalayas Katahdin
0%
Canada Province capitals Montreal
0%
Countries on the Prime Meridian Morocco
0%
National Capitals New York City
0%
Countries effected by Arab Spring Oman
0%
U.S. landmarks Parliament Hill
0%
Countries on the Tropic of Capricorn Peru
0%
Mexico State capitals Puerto Vallarta
0%
Countries on the Equator Venezuela
0%
Countries on the Tropic of Cancer Venezuela
0%
Capitals in the Danube Zagreb
0%
No matching quizzes found
Score Distribution
Percent of People with Each Score
Percentile by Number Answered
Your Score History
You have not taken this quiz